| 000 | 02581nam0a2200361 4500 | ||
|---|---|---|---|
| 001 | RU\NLR\BIBL_A\012165914 | ||
| 005 | 20200109161743.0 | ||
| 010 |
_a978-5-7882-2176-2 _9100 |
||
| 021 |
_aRU _bКН-П-19-086934 _9КН-П-19-6339 |
||
| 035 | _a(NLR Aleph) 012165914 | ||
| 090 |
_a12215201 _c12215201 |
||
| 100 | _a20191217d2017 k y0rusy50 ca | ||
| 101 | 0 |
_arus _aeng _ager |
|
| 102 | _aRU | ||
| 105 | _a |||z|||100zy | ||
| 200 | 1 |
_a"Дни науки" факультета социотехнических систем _eсборник статей и сообщений конференции молодых ученых, аспирантов и студентов, 21 апреля 2015 г. _fМинистерство образования и науки Российской Федерации, Федеральное государственное бюджетное образовательное учреждение высшего образования "Казанский национальный исследовательский технологический университет" _g[редакционная коллегия: канд. ист. наук, доц. А.В. Морозов (отв. редактор и составитель) и др.] |
|
| 210 |
_aКазань _cИзд-во КНИТУ _d2017 |
||
| 215 |
_a395, [1] с. _cил., табл. _d20 |
||
| 300 | _aЧасть текста англ., нем. | ||
| 309 | _aНа тит. л. и обл.: Вып. 19 | ||
| 320 | _aБиблиогр. в конце ст. и в подстроч. примеч. | ||
| 606 | 1 |
_aГуманитарные науки _jСъезды, совещания и т.п _92175177 _3RU\NLR\AUTH\661308230 |
|
| 686 | 1 | _aС.я431 | |
| 686 | 1 | _aЧ21я431 | |
| 702 | 1 |
_4220 _4340 _7ca _8rus _aМорозов _bА. В. _cканд. ист. наук, социология _f1970- _gАндрей Викторович _910540 _3RU\NLR\AUTH\7727508 |
|
| 710 | 0 | 2 |
_aКазанский национальный исследовательский технологический университет _bИнститут управления инновациями _bФакультет социотехнических систем _bДни науки _f2015 _9689001 _3RU\NLR\AUTH\880514186 |
| 942 | _cBOOK | ||
| 980 | _aNBR | ||
| 980 | _aNB | ||